000 00992 a2200277 4500
005 20251218120327.0
008 251218b |||||||| |||| 00| 0 eng d
020 _a978-93-6080-571-5 (hbk)
037 _cTB
040 _aAL
_cAL
041 _2eng
_aeng
084 _aY:451262.96C R5
_qAL
245 _aLegacies of slave trade, slavery and indentured labour in post slavery societies in the caribbean
260 _aNew Delhi, India:
_bManohar,
_c2025.
300 _a226p.
365 _b1495.00
_cINR
650 _aSlavery
_9857749
650 _aSociology
_9857750
650 _aHistory
_9857751
700 _aToussaint, Michael
_e(Editor)
_9857752
700 _aPutten, H.M.A.E.N.D.
_e(Editor)
_9857753
700 _aEgger, Jerome L.
_e(Editor)
_9857754
700 _aJagdew, Eric R.
_e(Editor)
_9857755
942 _cTB
_2CC
_n0
_hY:451262.96C R5
999 _c1435589
_d1435589